000 00633nam a2200241Ia 4500
001 20011
005 20240113235956.0
007 ta
008 060217s1980 g b000 u 465 u
040 _aCotton College,Assam
041 _a465
082 _a820.9
_bSh 15 Wi
100 _aShakespeare, William .
245 0 _aThe Winter`s Tale /
_cWilliam Shakespeare.
_hTextual Documents
250 _a1st ed. /
260 _aLondon :
_bLongman ,
_c1980.
300 _a104p. ;
_c22cm.
653 _aEnglish Literature-Criticism
653 _aG-English
942 _2ddc
_cBK
999 _c19993
_d19993